| 000 | 03993cam a22004217i 4500 | ||
|---|---|---|---|
| 001 | 17824270 | ||
| 003 | OSt | ||
| 005 | 20240530110620.0 | ||
| 008 | 130724s2013 ua abe b 100 0 eng d | ||
| 020 | _a9789774165610 | ||
| 040 | _cEG-CaGPL | ||
| 082 | 0 | 4 |
_221 _a255.00962 _bCC/G C |
| 245 | 0 | 0 |
_aChristianity and monasticism in Aswan and Nubia / _cedited by Gawdat Gabra, Hany N. Takla. |
| 264 | 1 |
_aCairo ; _aNew York : _bThe American University in Cairo Press, _c[2013] |
|
| 264 | 4 | _c©2013 | |
| 300 |
_axxi, 309 pages : _billustrations, maps, plans ; _c24 cm. |
||
| 336 |
_atext _2rdacontent |
||
| 337 |
_aunmediated _2rdamedia |
||
| 338 |
_avolume _2rdacarrier |
||
| 490 | 1 |
_aChristianity and monasticism in Egypt ; _vv. 5 |
|
| 500 | _aEssays presented at the fifth international symposium of the St. Mark Foundation for Coptic History Studies and the St. Shenouda the Archimandrite Coptic Society, held from January 31 to February 4, 2010 near the Monastery of St. Hadra, west of Aswan, Egypt. | ||
| 500 | _a"A Saint Mark Foundation book." | ||
| 504 | _aIncludes bibliographical references (pages 283-309). | ||
| 505 | 0 | _aCoptic ostraca from Hagr Edfu / Anke Ilona Blöbaum -- Imagining Macedonius, the first Bishop of Philae / James E. Goehring -- Apa Hadra (Hidra) in the Difnar / Nashaat Mekhaiel -- Christianity on Philae / Samuel Moawad -- The indexing of manuscripts of the Monastery of the Great Saint Pachomius in Edfu / Fr. Angelous el-Naqlouny -- The beginnings of Christianity in Nubia / Siegfried G. Richter -- A foreshadowing of the desert spirituality in ancient Nubia and Upper Egypt / Ashraf Alexandre Sadek -- Contested frontiers : southern Egypt and northern Nubia, AD 300-1500 : the evidence of the inscriptions / Jacques van der Vliet -- The veneration of saints in Aswan and Nubia / Youhanna Nessim Youssef -- Dayr al-Kubbaniya : review of the documentation on the "Isisberg" Monastery ; The development of the church at Dayr Anba Hadra : a study of the plasterwork and dated inscriptions ; An updated plan of the church at Dayr Qubbat al-Hawa / Renate Dekker -- The Christian wall paintings from the Temple of Isis at Aswan revisited / Jitse H.E. Dijkstra and Gertrud J.M. van Loon -- Monastic life in Makuria / Włodzimierz Godlewski -- Christian Aswan in the modern era and the history of its cathedral / Metropolitan Hedra -- The word and the flesh / Karel C. Innemée -- The ascension scene in the apse of the church at Dayr Qubbat al-Hawwa : a comparative study / Mary Kupelian -- The Nubian marble object preserved in Dayr al-Suryan in Wadi al-Natrun / Bishop Martyros -- The digital 3D virtual reconstruction of the monastic church, Qubbat al-Hawa / Howard Middleton-Jones -- Christian objects in the Aswan and Nubia museums / Atif Naguib -- Sources for the study of late antique and early medieval Hagr Edfu / Elisabeth R. O'Connell -- Christianity in Kom Ombo / Adel F. Sadek -- Identification of the monastery of the Nubians in Wadi al-Natrun / Fr. Bigoul al-Suriany -- Monneret de Villard (1881-1954) and Nubia / Fr. Awad Wadi -- The conservation of the mural paintings of St. Hatre Monastery / Ashraf Nageh. | |
| 650 | 0 |
_aMonasticism and religious orders _zEgypt _zAswān (Province) _xHistory. |
|
| 650 | 0 |
_aMonasticism and religious orders _zNubia _xHistory. |
|
| 651 | 0 |
_aAswān (Egypt : Province) _xChurch history. |
|
| 651 | 0 |
_aNubia _xChurch history. |
|
| 700 | 1 |
_aGabra, Gawdat, _eeditor. |
|
| 700 | 1 |
_aTakla, Hany N., _eeditor. |
|
| 710 | 2 | _aSaint Mark Foundation. | |
| 710 | 2 | _aSaint Shenouda the Archimandrite Coptic Society. | |
| 830 | 0 |
_aChristianity and monasticism in Egypt ; _vv. 5. |
|
| 856 | 4 | 1 |
_3Table of contents only _uhttp://www.loc.gov/catdir/enhancements/fy1406/2012277531-t.html |
| 856 | 4 | 2 |
_3Contributor biographical information _uhttp://www.loc.gov/catdir/enhancements/fy1406/2012277531-b.html |
| 856 | 4 | 2 |
_3Publisher description _uhttp://www.loc.gov/catdir/enhancements/fy1406/2012277531-d.html |
| 942 |
_2ddc _cBK |
||
| 999 |
_c63034 _d63034 |
||